Countries Closest to Mauritius - One Minute Sprint - Statistics

General Stats
  • This quiz has been taken 88 times
  • The average score is 12 of 20
Answer Stats
km country miles % Correct
802 Madagascar 498
94%
1333 Comoros 828
86%
1922 Kenya 1194
86%
1746 Mozambique 1085
85%
2637 South Africa 1639
85%
354 Seychelles 220
82%
1768 Tanzania 1098
75%
1917 Somalia 1191
71%
2300 Malawi 1429
60%
2648 Eswatini 1645
57%
2123 Maldives 1319
57%
2131 Ethiopia 1324
56%
2505 Zambia 1556
56%
2540 Zimbabwe 1578
56%
2758 India 1714
49%
2735 Uganda 1699
40%
172 France at Réunion 107
36%
2540 Yemen 1579
33%
2813 Djibouti 1748
29%
2831 South Sudan 1759
11%
No matching quizzes found
Score Distribution
Percent of People with Each Score
Percentile by Number Answered
Your Score History
You have not taken this quiz